Clic Qui joue dans ce film Palme d'or à Cannes de 1939 à 1954 - Statistiques

Statistiques générales
  • Ce quiz a été pris 6 fois
  • Le résultat moyen est 10 sur 23
Statistiques - réponses
Hint Extra Hint Réponse % Correct
1946 - Rome, ville ouverte Italie Anna Magnani
100%
1954 - La porte de l'enfer Japon Kazuo Hasagawa
100%
1952 - Othello Etats-Unis Orson Welles
100%
1953 - Le salaire de la peur France Yves Montand
100%
1946 - La ville basse Inde Kamini Kaushal
75%
1951 - Mademoiselle Julie Suède Anita Bjork
50%
1939 - Pacific Express Etats-Unis Barbara Stanwick
50%
1946 - Maria Candelaria Mexique Dolores del Rio
50%
1951 - Miracle à Milan Italie Francesco Golisano
50%
1946 - Le tournant décisif URSS Mikhail Derzhavin
50%
1947 - Feux croisés Etats-Unis Robert Mitchum
50%
1947 - Antoine et Antoinette France Claire Mafféi
25%
1947 - Ziegfeld Folies Etats-Unis Fred Astaire
25%
1949 - Le troisième homme Royaume-Uni Joseph Cotten
25%
1947 - Les Maudits France Marcel Dalio
25%
1952 - Deux sous d'espoir Italie Maria Fiore
25%
1946 - La symphonie pastorale France Pierre Blanchar
25%
1946 - Le Poison Etats-Unis Ray Milland
25%
1946 - Brève rencontre Royaume-Uni Trevor Howard
25%
1946 - Les hommes sans ailes Tchécoslovaquie Gustav Nezval
0%
1946 - La dernière chance Suisse John Hoy
0%
1946 - La Terre sera rouge Danemark Lisbeth Movin
0%
1946 - Tourments Suède Stig Jarrel
0%
Aucun quiz correspondant
Distribution des résultats
% des personnes avec chaque résultat
Percentile par nombre de réponses
Votre historique - résultats
Vous n’avez pas pris ce quiz